|
|
|
|
| LEADER |
00000nam a2200000 a 4500 |
| 001 |
vtls010473681 |
| 003 |
SK-MaSNL |
| 005 |
20260505142158.0 |
| 008 |
240315s2011 xo a f 000 0 slo |
| 015 |
|
|
|a SNBA2013
|
| 020 |
|
|
|a 9788088870982
|q (brož.)
|
| 035 |
|
|
|a 5E742F59-9D8F-42A5-8911-170FDE1560BE
|
| 035 |
|
|
|a urn:nbn:sk:snk-amjm6z
|
| 035 |
|
|
|a urn:nbn:sk:snk-am001nme
|
| 040 |
|
|
|a SNK
|b slo
|c SNK
|e AACR2
|
| 041 |
0 |
|
|a slo
|
| 044 |
|
|
|a xo
|c SK
|
| 072 |
|
7 |
|a 364
|x Sociálne problémy vyžadujúce podporu a pomoc. Sociálne zabezpečenie
|2 konspekt
|
| 080 |
|
|
|a 364-782.2
|2 2001
|
| 080 |
|
|
|a 364.692:615.015.6-051
|2 2001
|
| 080 |
|
|
|a (437.6)
|2 2001
|
| 080 |
|
|
|a (048.8)
|2 2001
|
| 100 |
1 |
|
|a Letanovská, Helena
|4 aut
|9 484612
|
| 245 |
1 |
0 |
|a Štandardizácia postupov v resocializačnom procese drogovo závislých v Slovenskej republike
|c Helena Letanovská
|
| 250 |
|
|
|a 1. vyd.
|
| 260 |
|
|
|a Bratislava
|b Kartprint
|c 2011
|
| 300 |
|
|
|a 75 s.
|b sch., tab.
|c 21 cm
|
| 504 |
|
|
|a Bibliogr. s. 69-74. Zoz. tab. Zoz. obr.
|
| 650 |
0 |
7 |
|a resocializácia
|2 SNKPH
|9 25526
|
| 650 |
0 |
7 |
|a Resocialization
|2 SNKPHeng
|9 340775
|
| 650 |
0 |
7 |
|a drogovo závislí
|2 SNKPH
|9 71375
|
| 650 |
0 |
7 |
|a Drug addicts
|2 SNKPHeng
|9 327995
|
| 651 |
|
7 |
|a Slovensko
|2 SNKPH
|9 14231
|
| 651 |
|
7 |
|a Slovakia
|2 SNKPHeng
|9 92630
|
| 655 |
|
7 |
|a monografie
|2 SNKPH
|9 70139
|
| 655 |
|
7 |
|a Monographs
|2 SNKPHeng
|9 120675
|
| 919 |
|
|
|a 978-80-88870-98-2
|
| 958 |
|
|
|a NB
|
| 999 |
|
|
|c 752437
|d 754367
|
| 952 |
|
|
|a SNK
|b SNK
|y PREZ
|7 0
|p 17A1058867
|o snkSC 152109
|i snk2012/24245
|8 0
|0 0
|1 0
|4 0
|d 2012-11-26
|l 0
|r 2025-07-22 00:00:00
|w 2026-02-23
|
| 952 |
|
|
|a SNK
|b SNK
|y VYP
|7 0
|p 17A1058868
|o snkSC 152109 D1
|i snk2012/24246
|8 0
|0 0
|1 0
|4 0
|d 2012-11-26
|l 0
|r 2026-02-23 23:37:15
|w 2026-02-23
|